Rozvoj a nové trendy motivácie zamestnancov na manažérskych pozíciách diplomová práca

Saved in:
Bibliographic Details
Main Author: Szakál, Filip
Corporate Author: Fakulta podnikového manažmentu EU. Katedra manažmentu
Other Authors: Horváthová, Kristína, 1995-
Format: Book
Language:Slovak
Published: Bratislava 2025
Tags: Add Tag
No Tags, Be the first to tag this record!

MARC

LEADER 00000nbm a2200000 4500
001 0309873
005 20260325083833.8
041 0 |a slo 
044 |a SK 
245 1 0 |a Rozvoj a nové trendy motivácie zamestnancov na manažérskych pozíciách  |b diplomová práca  |c Filip Szakál ; školiteľ: Kristína Horváthová 
264 1 |a Bratislava  |c 2025 
300 |a 81 s. 
100 1 |a Szakál, Filip 
700 1 |a Horváthová, Kristína, 1995- 
710 2 |a Fakulta podnikového manažmentu EU. Katedra manažmentu